000 00791nam a22002297a 4500
001 00005862
003 DO-SdBNP
005 20180122111407.0
007 00005862
008 160609b 2011 sp xxu||||| |||| 00| 0 spa d
020 _a9788579831393
040 _aBPMSU
_bspa
_cBPMSU
092 _axxxxx
_bxxxxx
245 0 0 _aDesafios da prática antropológica :
_brelatos, pesquisas e reflexoes contemporâneas /
_corganizador ; Andreas Hofbauer
260 _aMaríalia :
_bOficina Universitária ; [São Paulo] : Cultura Acadêmica,
_c2011.
300 _a131 p. :
_bil. ;
_c23 cm.
500 _aIncluye referencias bibliográficas : p. 128-130
700 1 _aHofbauer, Andreas
942 _2ddc
_cBK
945 _ainventariado, 2018 / dg
956 _2LOPEREZ
_310
_620160609
_8BPMSU
_a00041
999 _c10325
_d10325